| 000 | 02787cam a22005774i 4500 | ||
|---|---|---|---|
| 003 | PE-LiUPU | ||
| 005 | 20250731180128.0 | ||
| 008 | 150625s r 000 0 d | ||
| 035 | _a(Sirsi) a33321 | ||
| 040 |
_aPE-LiUPU _bspa _cPE-LiUPU _erda |
||
| 082 | 0 | 4 |
_a539 _bM26 _221 |
| 100 | 1 |
_aMaron, Samuel H., _eautor. |
|
| 245 | 1 | 0 |
_aFundamentos de Fisicoquimica / _cSamuel H. Maron, Carl F. Prutton ; vers. Manuel Aragonés A . |
| 264 | 1 |
_aMexico : _bLimusa, S.A., _c1993. |
|
| 300 |
_a899 páginas : _bilustraciones ; _c13 cm. |
||
| 336 |
_atext _2rdacontent |
||
| 337 |
_aunmediated _2rdamedia |
||
| 338 |
_avolume _2rdacarrier |
||
| 505 | 0 | _aGases y líquidos -El estado sólido -La primera ley de la termodinámica -Termoquímica -La Seguda y la Tercera ley de la termodinámica -La energía libre y el equilibrio -Equilibrio químico -Soluciones -Propiedades coligativas de las Soluciones -Reglas de las Fases -Conductancia y equilibrio iónico -Celdas electroquímicas -Cinética de las reacciones homogéneas -Estructura atómica -Naturaleza del enlace químico -Investigación de la estructura molecular -Química Nuclear -Mecánica estadística -Fotoquímica -Fenómenos superficiales y catálisis -Coloides. | |
| 526 | _aSEG44 | ||
| 526 | _aSEG26 | ||
| 526 | _aP159 | ||
| 526 | _aP155 | ||
| 526 | _aP154 | ||
| 526 | _aP153 | ||
| 526 | _aP150 | ||
| 526 | _aP100 | ||
| 526 | _aP31 | ||
| 526 | _aP30 | ||
| 526 | _aP26 | ||
| 526 | _aP25 | ||
| 526 | _aP24 | ||
| 526 | _aP22 | ||
| 526 | _aP15 | ||
| 526 | _aP10 | ||
| 650 | 0 | 4 | _aFisicoquímica. |
| 700 | 1 |
_aPrutton Carl F., _eautor. |
|
| 700 | 1 |
_aAragonés A., Manuel, _etraductor. |
|
| 910 |
_bng _cng |
||
| 942 |
_2ddc _cBOOK |
||
| 949 |
_a539 M26 _wDEWEY _c1 _i24726 _lCCODEBUL1 _mBUL _p00.00 _r0 _sY _tBOOK _u2015-06-25 _xBIBLIOTECA _zUNKNOWN _0COMPRA _o.STAFF. Colección General |
||
| 949 |
_a539 M26 _wDEWEY _c2 _i29379 _lCCODEBUL1 _mBUL _p00.00 _r0 _sY _tBOOK _u2015-06-25 _xBIBLIOTECA _zUNKNOWN _0COMPRA _o.STAFF. Colección General |
||
| 949 |
_a539 M26 _wDEWEY _c3 _i35269 _lCCODEBUL1 _mBUL _p00.00 _r0 _sY _tBOOK _u2015-06-25 _xBIBLIOTECA _zUNKNOWN _0COMPRA _o.STAFF. Colección General |
||
| 596 | _a1 | ||
| 999 |
_a539 M26 _wDEWEY _c41056 _i24726 _f2019-12-11 _g6 _lDISCARD _mBUL _r0 _sN _tBOOK _u2015-6-25 _xINGENIERIA _zUNKNOWN _0COMPRA _o.STAFF. Colección General _d41056 |
||
| 999 |
_a539 M26 _wDEWEY _c2 _i29379 _d2019-10-22 _e2019-10-22 _f2019-12-11 _g6 _lDISCARD _mBUL _n2 _r0 _sN _tBOOK _u2015-6-25 _xINGENIERIA _zUNKNOWN _0COMPRA _o.STAFF. Colección General |
||
| 999 |
_a539 M26 _wDEWEY _c3 _i35269 _d2019-9-4 _e2019-8-26 _f2021-11-5 _g7 _lCCODEBUL1 _mBUL _n4 _r0 _sY _tBOOK _u2015-6-25 _xBIBLIOTECA _zUNKNOWN _0COMPRA _o.STAFF. Colección General |
||
| 980 |
_81 _gALBERTO SANCHEZ Responsable de Automatización |
||